Obras poéticas y literarias: Poesías, cantares, fábulas, asuntos históricos y opúsculos varios
Guardat en:
| Autor principal: | |
|---|---|
| Format: | Llibre |
| Idioma: | espanyol |
| Publicat: |
Santiago
Imprenta Gutemberg, calle del Estado, 38
1890
|
| Edició: | 2a. ed |
| Matèries: | |
| Etiquetes: |
Afegir etiqueta
Sense etiquetes, Sigues el primer a etiquetar aquest registre!
|
MARC
| LEADER | 00000nam a2200000 a 4500 | ||
|---|---|---|---|
| 001 | UCJ3721 | ||
| 003 | CL-VaPUC | ||
| 005 | 20220223155648.0 | ||
| 008 | 070124e18900000CL |||||||||||||||||spa|d | ||
| 999 | |c 319843 |d 319841 | ||
| 040 | |c Pontificia Universidad Católica de Valparaíso | ||
| 082 | 0 | 4 | |a Ch861 |b HUR |2 21 |
| 100 | |a Hurtado, Manuel Antonio |e author |9 611437 | ||
| 245 | 1 | 0 | |a Obras poéticas y literarias: Poesías, cantares, fábulas, asuntos históricos y opúsculos varios |
| 250 | |a 2a. ed | ||
| 260 | |a Santiago |b Imprenta Gutemberg, calle del Estado, 38 |c 1890 | ||
| 300 | |a xxxiii, 232 p | ||
| 500 | |a Front., retrato del autor | ||
| 583 | |a last modification |c 20070124 00:00:00 |k Rodrigo Vera | ||
| 600 | 0 | |a Jover, Rafael |d 1845-1896 |9 505995 | |
| 600 | 0 | |a Mitre, Bartolomé, |d 1821-1906 |9 866411 | |
| 600 | 0 | 7 | |a TAMAYO Y BAUS, MANUEL |2 CL-VaPUC |9 505996 |
| 600 | 0 | 7 | |a TORRES ARCE, VICTOR |2 CL-VaPUC |9 371589 |
| 600 | 0 | |a Latorre, Enrique Camilo |d 1860-? |9 505997 | |
| 600 | 0 | |a Huneeus Gana, Jorge |d 1866-1926 |9 505998 | |
| 650 | 0 | |a Poesía chilena |9 268403 | |
| 650 | 7 | |a FABULAS |2 CL-VaPUC |9 505999 | |
| 650 | 7 | |a EPIGRAMAS |2 CL-VaPUC |9 433332 | |
| 650 | 0 | |a Crítica literaria |9 269189 | |
| 650 | 0 | |a Iconografía |9 267998 | |
| 942 | |c BK |2 ddc | ||
| 945 | |d 20070124 00:00:00 |a rinostro | ||
| 952 | |0 0 |1 0 |4 0 |6 CH_861_000000000000000_HUR_1890 |7 0 |8 X |9 398239 |a FDOBUD |b FDOBUD |d 2019-11-22 |i 1007459 |o Ch861 HUR 1890 |p 1007459 |r 2019-11-22 |w 2019-11-22 |y BK_X |k BUD | ||